Statistics for NFL Super Bowl Head Coaches

Click here to take the quiz!

General Stats

  • This quiz has been taken 38 times
  • The average score is 72 of 110

Answer Stats

Super BowlTeamCoach% Correct
XXXIXNew England PatriotsBill Belichick
100%
LINew England PatriotsBill Belichick
100%
XLVINew England PatriotsBill Belichick
100%
XLIXNew England PatriotsBill Belichick
100%
LIIINew England PatriotsBill Belichick
100%
LIINew England PatriotsBill Belichick
100%
XXXVINew England PatriotsBill Belichick
100%
XXXVIIINew England PatriotsBill Belichick
100%
XLIINew England PatriotsBill Belichick
100%
LVKansas City ChiefsAndy Reid
92%
LIVKansas City ChiefsAndy Reid
92%
XXXIXPhiladelphia EaglesAndy Reid
92%
XLIVNew Orleans SaintsSean Payton
88%
XLIXSeattle SeahawksPete Carroll
88%
IGreen Bay PackersVince Lombardi
88%
XXVIIIDallas CowboysJimmy Johnson
88%
XXVIIDallas CowboysJimmy Johnson
88%
IIGreen Bay PackersVince Lombardi
88%
XLVIIISeattle SeahawksPete Carroll
88%
XLIIIPittsburgh SteelersMike Tomlin
85%
XLVIIBaltimore RavensJohn Harbaugh
85%
XIXMiami DolphinsDon Shula
85%
XLVPittsburgh SteelersMike Tomlin
85%
XVIIMiami DolphinsDon Shula
85%
XLVIISan Francisco 49ersJim Harbaugh
85%
VIIIMiami DolphinsDon Shula
85%
IIIBaltimore ColtsDon Shula
85%
VIMiami DolphinsDon Shula
85%
VIIMiami DolphinsDon Shula
85%
XXXINew England PatriotsBill Parcells
81%
XXVNew York GiantsBill Parcells
81%
XLIIndianapolis ColtsTony Dungy
81%
XXINew York GiantsBill Parcells
81%
XLIINew York GiantsTom Coughlin
81%
XLVINew York GiantsTom Coughlin
81%
XIOakland RaidersJohn Madden
81%
XIIIPittsburgh SteelersChuck Noll
77%
XVISan Francisco 49ersBill Walsh
77%
XXXIIDenver BroncosMike Shanahan
77%
LIVSan Francisco 49ersKyle Shanahan
77%
XXXIIIDenver BroncosMike Shanahan
77%
XXXVIITampa Bay BuccaneersJon Gruden
77%
XXXPittsburgh SteelersBill Cowher
77%
XLPittsburgh SteelersBill Cowher
77%
XXIIISan Francisco 49ersBill Walsh
77%
XIVPittsburgh SteelersChuck Noll
77%
XPittsburgh SteelersChuck Noll
77%
XXChicago BearsMike Ditka
77%
XIXSan Francisco 49ersBill Walsh
77%
IXPittsburgh SteelersChuck Noll
77%
XDallas CowboysTom Landry
73%
XIIDallas CowboysTom Landry
73%
LIIPhiladelphia EaglesDoug Pederson
73%
VIDallas CowboysTom Landry
73%
VDallas CowboysTom Landry
73%
XIIIDallas CowboysTom Landry
73%
XLVGreen Bay PackersMike McCarthy
73%
XXVIIIBuffalo BillsMarv Levy
69%
XXVIBuffalo BillsMarv Levy
69%
XVIIWashington RedskinsJoe Gibbs
69%
XVIIIWashington RedskinsJoe Gibbs
69%
XXIIWashington RedskinsJoe Gibbs
69%
XXVIIBuffalo BillsMarv Levy
69%
XXVBuffalo BillsMarv Levy
69%
XXVIWashington RedskinsJoe Gibbs
69%
XXXDallas CowboysBarry Switzer
65%
50Carolina PanthersRon Rivera
65%
LVTampa Bay BuccaneersBruce Arians
65%
XXXIVTennessee TitansJeff Fisher
65%
XVPhiladelphia EaglesDick Vermeil
62%
XXXIVSt. Louis RamsDick Vermeil
62%
IKansas City ChiefsHank Stram
62%
IVKansas City ChiefsHank Stram
62%
XXXIIIAtlanta FalconsDan Reeves
58%
XXXVBaltimore RavensBrian Billick
58%
XXIVDenver BroncosDan Reeves
58%
XXIDenver BroncosDan Reeves
58%
XXIIDenver BroncosDan Reeves
58%
XXIXSan Francisco 49ersGeorge Seifert
54%
XXXIIGreen Bay PackersMike Holmgren
54%
XXXIGreen Bay PackersMike Holmgren
54%
IIINew York JetsWeeb Ewbank
54%
XLIChicago BearsLovie Smith
54%
XXIVSan Francisco 49ersGeorge Seifert
54%
XLSeattle SeahawksMike Holmgren
54%
LIIILos Angeles RamsSean McVay
46%
50Denver BroncosGary Kubiak
46%
XVIIILos Angeles RaidersTom Flores
46%
XVOakland RaidersTom Flores
46%
XXXVIIICarolina PanthersJohn Fox
42%
XLVIIIDenver BroncosJohn Fox
42%
IXMinnesota VikingsBud Grant
35%
XIMinnesota VikingsBud Grant
35%
VIIIMinnesota VikingsBud Grant
35%
IVMinnesota VikingsBud Grant
35%
XLIVIndianapolis ColtsJim Caldwell
31%
XXIIICincinnati BengalsSam Wyche
31%
LIAtlanta FalconsDan Quinn
31%
XXXVISt. Louis RamsMike Martz
27%
XXXVIIOakland RaidersBill Callahan
27%
VIIWashington RedskinsGeorge Allen
23%
XXXVNew York GiantsJim Fassel
19%
XLIIIArizona CardinalsKen Whisenhunt
19%
XIIDenver BroncosRed Miller
15%
VBaltimore ColtsDon McCafferty
15%
XXIXSan Diego ChargersBobby Ross
15%
XXNew England PatriotsRaymond Berry
15%
XVICincinnati BengalsForrest Gregg
12%
IIOakland RaidersJohn Rauch
12%
XIVLos Angeles RamsRay Malavasi
4%

Score Distribution

Percentile by Number Answered

Percent of People with Each Score

Your Score History

You have not taken this quiz